[Event "Kemerovo-ch"]
[Site "Kemerovo"]
[Date "2011.03.16"]
[Round "7"]
[White "Konev, Kirill"]
[Black "Emeljashin, Yury"]
[Result "1-0"]
[WhiteElo "2277"]
[BlackElo "2085"]
[PlyCount "33"]
[EventDate "2011.02.20"]
[EventType "swiss"]
[EventRounds "9"]
[EventCountry "RUS"]
[SourceTitle "CBM 141 Extra"]
[Source "ChessBase"]
[SourceDate "2011.05.03"]
[SourceVersion "1"]
[SourceVersionDate "2011.05.03"]
[SourceQuality "1"]

1. e4 c5 2. Nf3 d6 3. d4 cxd4 4. Nxd4 Nf6 5. Nc3 a6 6. Bc4 Qc7 7. Bb3 e6 8. 0-0 Be7 9. f4 Nc6 10. Be3 Na5 11. Ba4+ Bd7 12. Bxd7+ Nxd7 13. f5 e5 14. Nd5 Qd8 15. Ne6 fxe6 16. fxe6 Nc5 17. Qg4 1-0

[Event "Kemerovo-ch"]
[Site "Kemerovo"]
[Date "2011.02.27"]
[Round "3"]
[White "Riabov, Aleksandr"]
[Black "Konev, Kirill"]
[Result "0-1"]
[WhiteElo "2072"]
[BlackElo "2277"]
[PlyCount "62"]
[EventDate "2011.02.20"]
[EventType "swiss"]
[EventRounds "9"]
[EventCountry "RUS"]
[SourceTitle "CBM 141 Extra"]
[Source "ChessBase"]
[SourceDate "2011.05.03"]
[SourceVersion "1"]
[SourceVersionDate "2011.05.03"]
[SourceQuality "1"]

1. d4 Nf6 2. c4 g6 3. Nc3 Bg7 4. g3 0-0 5. Bg2 d6 6. Nf3 Nc6 7. d5 Na5 8. Nd2 c5 9. 0-0 a6 10. Qc2 Rb8 11. b3 b5 12. Bb2 Bh6 13. e3 bxc4 14. bxc4 Bf5 15. e4 Bxd2 16. Nd1 Nxe4 17. Bxe4 Bxe4 18. Qxe4 Rb4 19. Qc2 Bg5 20. f4 Rxc4 21. Qd3 Bf6 22. Bxf6 exf6 23. Nc3 f5 24. Rfe1 Qf6 25. Re3 Rb8 26. Rae1 Qd4 27. Kh1 Rb2 28. h3 Rd2 29. Qxd4 cxd4 30. Re8+ Kg7 31. Ne2 Rxa2 0-1

[Event "Kemerovo-ch"]
[Site "Kemerovo"]
[Date "2009.03.19"]
[Round "6"]
[White "Chigaev, Maksim"]
[Black "Konev, Kirill"]
[Result "0-1"]
[WhiteElo "2145"]
[BlackElo "2290"]
[PlyCount "130"]
[EventDate "2009.03.16"]
[EventType "swiss"]
[EventRounds "9"]
[EventCountry "RUS"]
[SourceTitle "EXT 2010"]
[Source "ChessBase"]
[SourceDate "2010.11.25"]
[SourceVersion "1"]
[SourceVersionDate "2010.11.25"]
[SourceQuality "1"]

1. e4 c5 2. Nf3 Nc6 3. d4 cxd4 4. Nxd4 Nf6 5. Nc3 e5 6. Ndb5 d6 7. Bg5 a6 8. Na3 b5 9. Nd5 Be7 10. Bxf6 Bxf6 11. c3 Bg5 12. Nc2 0-0 13. h4 Bh6 14. g4 Bf4 15. Nxf4 exf4 16. Qf3 Ne5 17. Qxf4 Bxg4 18. Ne3 Bh5 19. Be2 Re8 20. Rd1 Bxe2 21. Kxe2 b4 22. Rhg1 bxc3 23. bxc3 Ng6 24. Qxd6 Qxh4 25. Rg4 Qh5 26. Qg3 Rxe4 27. Qf3 Qb5+ 28. c4 Qxc4+ 29. Ke1 Rae8 30. Rxe4 Qxe4 31. Qxe4 Rxe4 32. Rd6 f5 33. Kf1 f4 34. Nf5 Re5 35. Nd4 a5 36. a4 Ne7 37. Nb5 Rd5 38. Re6 Kf7 39. Re4 g5 40. Ke2 Ng6 41. Rc4 h5 42. Rc7+ Ne7 43. Nc3 Re5+ 44. Kf3 Ke6 45. Kg2 g4 46. f3 g3 47. Ne4 Nf5 48. Rc6+ Kd5 49. Ra6 Nh4+ 50. Kh3 Nxf3 51. Nf6+ Kd4 52. Rd6+ Kc5 53. Rd3 Ng5+ 54. Kh4 Kc4 55. Rd1 g2 56. Nd7 Rf5 57. Kxh5 f3 58. Kg4 f2 59. Nb6+ Kc5 60. Nd7+ Kc6 61. Nb8+ Kb7 62. Rb1+ Kc8 63. Nc6 f1Q 64. Ne7+ Kd7 65. Rb7+ Ke8 0-1

[Event "Kuzbass-ch op"]
[Site "Kemerovo"]
[Date "2008.11.20"]
[Round "8"]
[White "Pavlovskiy, Pavel"]
[Black "Konev, Kirill"]
[Result "0-1"]
[WhiteElo "2077"]
[BlackElo "2266"]
[PlyCount "72"]
[EventDate "2008.11.14"]
[EventType "swiss"]
[EventRounds "9"]
[EventCountry "RUS"]
[SourceTitle "EXT 2022"]
[Source "ChessBase"]
[SourceDate "2021.10.06"]
[SourceVersion "1"]
[SourceVersionDate "2021.10.06"]
[SourceQuality "1"]

1. d4 Nf6 2. c4 g6 3. Nc3 Bg7 4. e4 d6 5. Be2 0-0 6. Bg5 Na6 7. h4 e5 8. dxe5 dxe5 9. Qxd8 Rxd8 10. Nd5 Rd6 11. f3 c6 12. Ne7+ Kf8 13. Nxc8 Rxc8 14. a3 Nc5 15. Be3 Nb3 16. Rd1 Nd4 17. c5 Nc2+ 18. Kf2 Rxd1 19. Bxd1 Nxe3 20. Kxe3 Nd7 21. b4 Bh6+ 22. Kf2 Bc1 23. h5 Kg7 24. hxg6 hxg6 25. Nh3 Bxa3 26. Ng5 Nf8 27. Bb3 f6 28. Ne6+ Nxe6 29. Bxe6 Re8 30. Bb3 Bxb4 31. Rd1 Bxc5+ 32. Ke2 Bd4 33. Rc1 Rc8 34. Rb1 Rc7 35. Kd3 b5 36. Rc1 c5 0-1

[Event "Kemerovo op"]
[Site "Kemerovo"]
[Date "2008.08.28"]
[Round "8"]
[White "Starkov, S."]
[Black "Konev, Kirill"]
[Result "1/2-1/2"]
[WhiteElo "2292"]
[BlackElo "2269"]
[PlyCount "100"]
[EventDate "2008.08.23"]
[EventType "swiss"]
[EventRounds "9"]
[EventCountry "RUS"]
[SourceTitle "CBM 126 Extra"]
[Source "ChessBase"]
[SourceDate "2008.11.05"]
[SourceVersion "1"]
[SourceVersionDate "2008.11.05"]
[SourceQuality "1"]

1. e4 c5 2. Nf3 e6 3. d4 cxd4 4. Nxd4 Nf6 5. Nc3 Nc6 6. Ndb5 d6 7. Bf4 e5 8. Bg5 a6 9. Na3 b5 10. Nd5 Be7 11. Bxf6 Bxf6 12. c3 0-0 13. Nc2 Bg5 14. h4 Bh6 15. g4 Bf4 16. g5 Ne7 17. Nxf4 exf4 18. Qf3 Bb7 19. 0-0-0 Ng6 20. Bh3 f5 21. gxf6 Qxf6 22. h5 Ne5 23. Qe2 f3 24. Qe3 Nc4 25. Qd4 Qf4+ 26. Kb1 Bxe4 27. Be6+ Kh8 28. h6 Bxc2+ 29. Kxc2 Qxd4 30. Rxd4 Rae8 31. hxg7+ Kxg7 32. Rg4+ Kh8 33. Bxc4 bxc4 34. Rxc4 Re2+ 35. Kd3 Rxf2 36. Rc7 Rg2 37. Rcxh7+ Kg8 38. Rh8+ Kf7 39. Rxf8+ Kxf8 40. Rf1 Rxb2 41. Rxf3+ Ke7 42. a4 Ra2 43. Rf4 Kd7 44. Rh4 Ra1 45. Kc2 Kc6 46. Kb2 Rg1 47. Kb3 a5 48. Rh5 d5 49. Rh6+ Kb7 50. Rd6 Rd1 1/2-1/2

[Event "Kemerovo 90 Anniv"]
[Site "Kemerovo"]
[Date "2008.04.22"]
[Round "7"]
[White "Kozlov, Vadim1"]
[Black "Konev, Kirill"]
[Result "1/2-1/2"]
[WhiteElo "2125"]
[BlackElo "2201"]
[PlyCount "113"]
[EventDate "2008.04.18"]
[EventType "swiss"]
[EventRounds "9"]
[EventCountry "RUS"]
[SourceTitle "EXT 2022"]
[Source "ChessBase"]
[SourceDate "2021.10.06"]
[SourceVersion "1"]
[SourceVersionDate "2021.10.06"]
[SourceQuality "1"]

1. e4 c5 2. c3 Nf6 3. e5 Nd5 4. d4 cxd4 5. Nf3 e6 6. cxd4 b6 7. Nc3 Nxc3 8. bxc3 Qc7 9. Bd2 Bb7 10. Bd3 d6 11. 0-0 Nd7 12. Re1 Be7 13. Rc1 dxe5 14. Nxe5 Nxe5 15. Rxe5 Bd6 16. Rh5 g6 17. Rh4 Be7 18. Rh3 Rc8 19. Qg4 h5 20. Qe2 Kf8 21. Re1 Bd5 22. c4 Bxc4 23. Bxc4 Qxc4 24. Qe5 f6 25. Qxe6 Qxe6 26. Rxe6 Rc2 27. Rhe3 Rxd2 28. Rxe7 Rd1+ 29. Re1 Rxe1+ 30. Rxe1 Kf7 31. Rc1 Re8 32. Kf1 Re7 33. Rc6 g5 34. a4 h4 35. a5 bxa5 36. Ra6 Rd7 37. Rxa5 Ke6 38. h3 f5 39. Ke2 Rxd4 40. Rxa7 Ke5 41. Re7+ Kf4 42. Rh7 Ra4 43. Rh8 Ra2+ 44. Ke1 Ra5 45. Ke2 Re5+ 46. Kf1 Ke4 47. Ra8 Re6 48. Ra5 Rd6 49. Ke2 Kf4 50. Ra4+ Ke5 51. Rb4 Kf6 52. Ra4 Re6+ 53. Kf3 Kg6 54. Ra5 Re4 55. Rb5 g4+ 56. hxg4 Rxg4 57. Rb8 1/2-1/2

[Event "Sibiria Region-ch"]
[Site "Novokuznetsk"]
[Date "2008.03.16"]
[Round "4"]
[White "Chernov, M."]
[Black "Konev, Kirill"]
[Result "0-1"]
[WhiteElo "2235"]
[BlackElo "2194"]
[PlyCount "104"]
[EventDate "2008.03.13"]
[EventType "swiss"]
[EventRounds "9"]
[EventCountry "RUS"]
[SourceTitle "CBM 123 Extra"]
[Source "ChessBase"]
[SourceDate "2008.05.06"]
[SourceVersion "1"]
[SourceVersionDate "2008.05.06"]
[SourceQuality "1"]

1. e4 c5 2. Nf3 e6 3. d4 cxd4 4. Nxd4 Nf6 5. Nc3 Nc6 6. Ndb5 d6 7. Bf4 e5 8. Bg5 a6 9. Na3 b5 10. Bxf6 gxf6 11. Nd5 f5 12. Bd3 Be6 13. Qh5 Rg8 14. g3 Rc8 15. Qd1 Bxd5 16. exd5 Ne7 17. Nxb5 e4 18. Be2 Qa5+ 19. Nc3 Bg7 20. 0-0 Bxc3 21. bxc3 Rxc3 22. Rb1 Rc8 23. c4 Ng6 24. c5 Qxc5 25. Bxa6 Rd8 26. Qa4+ Kf8 27. Qc4 Qxc4 28. Bxc4 Ne5 29. Be2 Ra8 30. Rb2 Ra5 31. Bb5 Ke7 32. Rc1 Rb8 33. Rcb1 Rc8 34. a4 Rc5 35. Rd1 Kf6 36. Kg2 h6 37. Rbb1 Rc2 38. Rbc1 Rb2 39. Rb1 Ra2 40. Ra1 Rxa1 41. Rxa1 Nf3 42. Rc1 Nd4 43. Bc6 Ke5 44. Rc3 f4 45. gxf4+ Kxf4 46. h3 Ke5 47. Kf1 f5 48. Kg2 f4 49. Kh2 Ra7 50. Ra3 Rg7 51. h4 e3 52. fxe3 Nf3+ 0-1

[Event "Sibiria Region-ch"]
[Site "Novokuznetsk"]
[Date "2008.03.13"]
[Round "1"]
[White "Konev, Kirill"]
[Black "Loskutov, Oleg"]
[Result "0-1"]
[WhiteElo "2194"]
[BlackElo "2431"]
[PlyCount "74"]
[EventDate "2008.03.13"]
[EventType "swiss"]
[EventRounds "9"]
[EventCountry "RUS"]
[SourceTitle "CBM 123 Extra"]
[Source "ChessBase"]
[SourceDate "2008.05.06"]
[SourceVersion "1"]
[SourceVersionDate "2008.05.06"]
[SourceQuality "1"]

1. e4 c5 2. Nf3 d6 3. d4 cxd4 4. Nxd4 Nf6 5. Nc3 a6 6. Bc4 e6 7. Bb3 Nbd7 8. 0-0 Nc5 9. f4 Be7 10. e5 dxe5 11. fxe5 Nxb3 12. Nxb3 Qxd1 13. Rxd1 Ng4 14. Re1 h5 15. h3 Nh6 16. Be3 Nf5 17. Bc5 Bd7 18. Rad1 Rc8 19. Ne4 Bc6 20. Nd6+ Nxd6 21. exd6 Bf6 22. Ba3 b6 23. c4 Kd7 24. c5 Ba4 25. cxb6 Bxb3 26. axb3 Rc6 27. Re4 Rb8 28. Rc4 Rbxb6 29. Rdc1 Be5 30. Bc5 Rxb3 31. Kf1 Rxb2 32. Ba3 Rbb6 33. Bc5 Rb5 34. Ba3 Rxc4 35. Rxc4 Bxd6 36. Bxd6 Kxd6 37. Rc8 a5 0-1

[Event "Sibiria Region-chT"]
[Site "Kemerovo"]
[Date "2007.12.12"]
[Round "6"]
[White "Konev, Kirill"]
[Black "Gutov, Andrey"]
[Result "0-1"]
[WhiteElo "2192"]
[BlackElo "2469"]
[PlyCount "84"]
[EventDate "2007.12.07"]
[EventType "team-tourn"]
[EventRounds "7"]
[EventCountry "RUS"]
[SourceTitle "CBM 122 Extra"]
[Source "ChessBase"]
[SourceDate "2008.03.04"]
[SourceVersion "1"]
[SourceVersionDate "2008.03.04"]
[SourceQuality "1"]

1. e4 e5 2. Nf3 Nc6 3. Bb5 a6 4. Ba4 Nf6 5. 0-0 Be7 6. Bxc6 dxc6 7. d3 Nd7 8. b3 0-0 9. Bb2 f6 10. Nbd2 Nc5 11. Re1 Bg4 12. h3 Bh5 13. Nf1 Ne6 14. Ng3 Bf7 15. d4 Nxd4 16. Nxd4 exd4 17. Qxd4 Qxd4 18. Bxd4 c5 19. Bc3 c4 20. Rad1 cxb3 21. axb3 Be6 22. f4 Rad8 23. Kf2 Rxd1 24. Rxd1 Rd8 25. Rxd8+ Bxd8 26. e5 f5 27. Ne2 c5 28. Ke3 Kf7 29. Bb2 b5 30. Kd3 c4+ 31. Kc3 Bd5 32. bxc4 Bxc4 33. Kd2 h5 34. Nd4 g6 35. g3 Bb6 36. Nf3 Bf2 37. Bd4 Bxg3 38. Ke3 a5 39. Bc5 Bd5 40. Ng5+ Ke8 41. Kd4 Bxf4 42. Nh7 Be6 0-1

[Event "RUS-ch U26"]
[Site "Novokuznetsk"]
[Date "2007.10.25"]
[Round "4"]
[White "Konev, Kirill"]
[Black "Sharkov, Maxim"]
[Result "1-0"]
[WhiteElo "2192"]
[BlackElo "2070"]
[PlyCount "117"]
[EventDate "2007.10.22"]
[EventType "swiss"]
[EventRounds "9"]
[EventCountry "RUS"]
[SourceTitle "EXT 2009"]
[Source "ChessBase"]
[SourceDate "2008.11.26"]
[SourceVersion "1"]
[SourceVersionDate "2008.11.26"]
[SourceQuality "1"]

1. e4 e6 2. d3 d5 3. Nd2 c5 4. Ngf3 Be7 5. g3 dxe4 6. dxe4 Bd7 7. Bg2 Bb5 8. c4 Bc6 9. Qe2 Nd7 10. 0-0 Qc7 11. e5 h5 12. Ne4 Nxe5 13. Nxe5 Qxe5 14. Bf4 Qf5 15. Rad1 Nf6 16. Nd6+ Bxd6 17. Bxc6+ bxc6 18. Rxd6 Rc8 19. Rfd1 0-0 20. Qd3 Qxd3 21. R6xd3 Rfe8 22. Be3 Ng4 23. Bxc5 Ne5 24. Rc3 Red8 25. Rxd8+ Rxd8 26. Bxa7 Rd1+ 27. Kg2 Rd2 28. a4 Rxb2 29. Bd4 Nd7 30. Ra3 Rb8 31. a5 c5 32. Be3 Ra8 33. a6 Ra7 34. Rd3 Kf8 35. Rxd7 Rxd7 36. Bxc5+ Ke8 37. a7 Rd8 38. Bd6 Ra8 39. Bb8 Kd7 40. Kf3 Kc6 41. Ke4 f6 42. h4 g5 43. Kd4 g4 44. Ke3 Kc5 45. f3 gxf3 46. Kxf3 f5 47. Kf4 Kd4 48. c5 Kd5 49. c6 Kxc6 50. Kg5 Kd5 51. Kxh5 e5 52. Kg5 Ke4 53. h5 f4 54. gxf4 exf4 55. h6 f3 56. h7 f2 57. h8Q f1Q 58. Qe5+ Kf3 59. Qd5+ 1-0